Light (Record no. 15810)

000 -LEADER
fixed length control field 00520nam a22002051 4500
001 - CONTROL NUMBER
control field 15810
003 - CONTROL NUMBER IDENTIFIER
control field BD-DhUET
008 - FIXED-LENGTH DATA ELEMENTS--GENERAL INFORMATION
fixed length control field 921020s1963 enk 000 0 eng d
040 ## - CATALOGING SOURCE
Original cataloging agency DLC
Transcribing agency DLC
Modifying agency BD-DhUET
082 ## - DEWEY DECIMAL CLASSIFICATION NUMBER
Classification number 535
Item number DIT/1963
100 1# - MAIN ENTRY--PERSONAL NAME
Personal name Ditchburn, R. W.
245 10 - TITLE STATEMENT
Title Light
250 ## - EDITION STATEMENT
Edition statement 2nd ed.
260 ## - PUBLICATION, DISTRIBUTION, ETC. (IMPRINT)
Place of publication, distribution, etc. London
Name of publisher, distributor, etc. Blackie & Son
Date of publication, distribution, etc. 1963
300 ## - PHYSICAL DESCRIPTION
Extent xii, 833 p.
Other physical details ill.
490 ## - SERIES STATEMENT
Series statement Titles in the E. L. B. S. Low-Priced textbook series
504 ## - BIBLIOGRAPHY, ETC. NOTE
Bibliography, etc Includes bibliographies
650 #0 - SUBJECT ADDED ENTRY--TOPICAL TERM
Topical term or geographic name as entry element Light
942 ## - ADDED ENTRY ELEMENTS (KOHA)
Koha item type General Book
Holdings
Date acquired Copy number Location (home branch) Koha full call number Koha item type Sublocation or collection (holding branch) Koha normalized classification for sorting Lost status Withdrawn status Source of classification or shelving scheme Koha date last seen Piece designation (barcode) Shelving location Not for loan Damaged status Price effective from
2015-03-151Central Library, BUET535/DIT/1963General BookCentral Library, BUET535_000000000000000_DIT_1963   2015-03-1513453Circulation section  2015-03-15
2015-03-192Central Library, BUET535/DIT/1963General BookCentral Library, BUET535_000000000000000_DIT_1963   2015-03-1913450Circulation section  2015-03-19
2015-03-193Central Library, BUET535/DIT/1963General BookCentral Library, BUET535_000000000000000_DIT_1963   2015-03-1920826Circulation section  2015-03-19
2015-03-214Central Library, BUET535/DIT/1963General BookCentral Library, BUET535_000000000000000_DIT_1963   2015-03-2116978Circulation section  2015-03-21
2015-03-215Central Library, BUET535/DIT/1963General BookCentral Library, BUET535_000000000000000_DIT_1963   2015-03-2113451Circulation section  2015-03-21
2015-03-216Central Library, BUET535/DIT/1963General BookCentral Library, BUET535_000000000000000_DIT_1963   2015-03-2120825Circulation section  2015-03-21
2015-03-217Central Library, BUET535/DIT/1963General BookCentral Library, BUET535_000000000000000_DIT_1963   2015-03-215241Circulation section  2015-03-21
2015-03-218Central Library, BUET535/DIT/1963General BookCentral Library, BUET535_000000000000000_DIT_1963   2015-03-2113452Circulation section  2015-03-21